The Reign of Quantity and the Signs of the Times (Record no. 534371)

000 -LEADER
fixed length control field 00476 a2200181 4500
003 - CONTROL NUMBER IDENTIFIER
control field NUST
005 - DATE AND TIME OF LATEST TRANSACTION
control field 20200218105918.0
008 - FIXED-LENGTH DATA ELEMENTS--GENERAL INFORMATION
fixed length control field 200218b ||||| |||| 00| 0 eng d
020 ## - INTERNATIONAL STANDARD BOOK NUMBER
International Standard Book Number 9695190804
038 ## - RECORD CONTENT LICENSOR
Staff Name MSOHAIL
082 ## - DEWEY DECIMAL CLASSIFICATION NUMBER
Classification number 291.2
100 ## - MAIN ENTRY--PERSONAL NAME
Personal name Guenon,Rene
9 (RLIN) 28508
245 ## - TITLE STATEMENT
Title The Reign of Quantity and the Signs of the Times
Statement of responsibility, etc. Rene Guenon
260 ## - PUBLICATION, DISTRIBUTION, ETC.
Place of publication, distribution, etc. Lahore
Name of publisher, distributor, etc. Suhail Academy
Date of publication, distribution, etc. c1999
300 ## - PHYSICAL DESCRIPTION
Extent 363p
500 ## - GENERAL NOTE
General note Hard cover
942 ## - ADDED ENTRY ELEMENTS (KOHA)
Institution code [OBSOLETE] NBS
Koha item type Book
Call number prefix 291.2 GUE
Source of classification or shelving scheme
Holdings
Withdrawn status Lost status Source of classification or shelving scheme Damaged status Not for loan Permanent Location Current Location Date acquired Total Checkouts Full call number Barcode Date last seen Price effective from Koha item type
          School of Civil and Environmental Engineering (SCEE) School of Civil and Environmental Engineering (SCEE) 02/18/2020   291.2 NIT-9823 02/18/2020 02/18/2020 Book
© 2023 Central Library, National University of Sciences and Technology. All Rights Reserved.